Central Library OPAC University of Rajshahi

Rome / (Record no. 26854)

MARC details
000 -LEADER
fixed length control field 00841cam a2200265 i 4500
001 - CONTROL NUMBER
control field 26854
003 - CONTROL NUMBER IDENTIFIER
rucl marc code BD-RjUL
005 - DATE AND TIME OF LATEST TRANSACTION
control field 20211209051057.0
008 - FIXED-LENGTH DATA ELEMENTS--GENERAL INFORMATION
fixed length control field 140323r19791976ne a b 001 0 eng d
020 ## - INTERNATIONAL STANDARD BOOK NUMBER
International Standard Book Number 705404838
035 ## - SYSTEM CONTROL NUMBER
System control number (BD-RjUL)26925
040 ## - CATALOGING SOURCE
Original cataloging agency DLC
Transcribing agency DLC
Modifying agency DLC
-- BD-RjUL
Language of cataloging eng
041 ## - LANGUAGE CODE
Language code of text/sound track or separate title eng
082 00 - DEWEY DECIMAL CLASSIFICATION NUMBER
Classification number 945.632
Author mark and year CHR 1979
100 1# - MAIN ENTRY--PERSONAL NAME
Personal name Chamberlin, E. R.
Fuller form of name (Eric Russell),
Dates associated with a name 1926-2006.
9 (RLIN) 82534
245 10 - TITLE STATEMENT
Title Rome /
Statement of responsibility, etc. by E. R. Chamberlin and the editors of ; photoTime-Life Books s. by Dan Budnik.
260 ## - PUBLICATION, DISTRIBUTION, ETC. (IMPRINT)
Place of publication, distribution, etc. Amsterdam :
Name of publisher, distributor, etc. Time-Life Books,
Date of publication, distribution, etc. c1976. [Reprinted 1979]
300 ## - PHYSICAL DESCRIPTION
Pagination 200 p. :
Illustrations ill. ;
Size 31 cm.
490 0# - SERIES STATEMENT
Series statement The Great cities
504 ## - BIBLIOGRAPHY, ETC. NOTE
Bibliography, etc Bibliography: p. 198. and Index
651 #0 - SUBJECT ADDED ENTRY--GEOGRAPHIC NAME
Geographic name Rome (Italy)
General subdivision Description and travel.
9 (RLIN) 82535
942 ## - ADDED ENTRY ELEMENTS (KOHA)
Source of classification or shelving scheme Dewey Decimal Classification
Koha item type Books
Holdings
Lost status Source of classification or shelving scheme Damaged status Not for loan Collection code Permanent Location Current Location Shelving location Date acquired Source of acquisition Total Checkouts Full call number Date last seen Copy number Koha item type
  Dewey Decimal Classification   Added to bundle Non-fiction Central Library, University of Rajshahi Central Library, University of Rajshahi Reading Room 20/07/1985 Asia Fundation Gift   945.632 CHR 1979 23/03/2014 C-1 Books